|
|
|
|
| LEADER |
00000cam a2200000 a 4500 |
| 001 |
011142 |
| 003 |
UAHC_CL |
| 005 |
20170803120740.0 |
| 008 |
080730s2008 ag 000 spa |
| 020 |
|
|
|a 9789502308869
|
| 040 |
|
|
|a UAHC_CL
|c UAHC_CL
|d UAHC_CL
|
| 082 |
0 |
4 |
|a 340.1
|b K29
|2 20
|
| 100 |
1 |
|
|a Kelsen, Hans
|d 1881-1973
|
| 245 |
1 |
0 |
|a Teoría pura del derecho /
|c Hans Kelsen ; Traducción: Moisés Nilve.
|
| 250 |
|
|
|a 4a. ed. 7a. reimp.
|
| 260 |
|
|
|b Eudeba
|a Buenos Aires
|c 2008
|
| 300 |
|
|
|a 183 p.
|
| 490 |
0 |
|
|a Derecho
|
| 521 |
|
|
|a Derecho civil: persona teoría de la ley
|
| 650 |
|
4 |
|a TEORIA DEL DERECHO
|
| 653 |
|
|
|a DERECHO
|
| 658 |
|
|
|a Ocampo, Hugo
|
| 900 |
|
|
|a 340.1 KEL
|
| 942 |
|
|
|c BK
|
| 952 |
|
|
|0 0
|1 0
|4 0
|6 340_100000000000000_KEL
|7 0
|8 General
|9 22608
|a BR
|b BR
|c General
|d 2017-08-03
|l 12
|m 7
|o 340.1 KEL
|p 1364581
|r 2026-04-22 16:29:52
|s 2026-03-23
|t 1
|w 2017-08-03
|x Rayado con lápiz mina CBB 02.05.2018
|y BK
|
| 952 |
|
|
|0 0
|1 0
|4 0
|6 340_100000000000000_KEL
|7 0
|8 General
|9 22609
|a BR
|b BR
|c General
|d 2017-08-03
|l 7
|m 3
|o 340.1 KEL
|p 1364582
|r 2026-04-30 18:01:12
|s 2026-04-20
|t 2
|w 2017-08-03
|x Libro con hojas desprendidas. RLC.
|y BK
|
| 952 |
|
|
|0 0
|1 0
|4 0
|6 340_100000000000000_KEL
|7 0
|8 General
|9 22610
|a BR
|b BR
|c General
|d 2017-08-03
|l 11
|m 10
|o 340.1 KEL
|p 1364583
|q 2026-05-05
|r 2026-04-27 19:06:17
|s 2026-04-27
|t 3
|w 2017-08-03
|y BK
|
| 999 |
|
|
|c 11142
|d 11142
|